Návrh na zdokonalenie systému riadenia výkonnosti zamestnancov vo vybranej spoločnosti

Saved in:
Bibliographic Details
Main Author: Parlevová, Erika (Author)
Other Authors: Čambál, Miloš (Thesis advisor)
Format: Manuscript Book
Language:Slovak
Published: 2022
Subjects:
Online Access:http://is.stuba.sk/zp/portal_zp.pl?podrobnosti=164240
Tags: Add Tag
No Tags, Be the first to tag this record!

MARC

LEADER 00000ntm a22000003a 4500
001 stuzp89025
003 SK-STU
005 20220611211701.7
007 ta
008 150427s2015----xo-----f-mn---000-0-slo-d
040 |a STU  |b slo 
041 0 |a slo 
100 1 |a Parlevová, Erika  |u 064000  |k Z4  |4 aut  |U MTF Materiálovotechnologická fakulta  |T MTF Ústav priemyselného inžinierstva a manažmentu  |X 85463  |U M4000  |Y 84  |7 85463 
242 0 1 |a Improving the employee performance management system in the selected company  |y eng 
245 1 0 |a Návrh na zdokonalenie systému riadenia výkonnosti zamestnancov vo vybranej spoločnosti 
260 |c 2022 
650 4 |a výkonnosť  |2 slo 
650 4 |a hodnotenie výkonnosti  |2 slo 
650 4 |a kritéria hodnotenia  |2 slo 
650 4 |a metódy hodnotenia  |2 slo 
650 4 |a performance  |2 eng 
650 4 |a performance evaluation  |2 eng 
650 4 |a evaluation criteria  |2 eng 
650 4 |a evaluation methods  |2 eng 
700 1 |a Čambál, Miloš  |u 064000  |k Z1  |4 ths  |U MTF Materiálovotechnologická fakulta  |T MTF Ústav priemyselného inžinierstva a manažmentu  |X 279  |U M4000  |Y 84  |7 A000000279 
856 4 |u http://is.stuba.sk/zp/portal_zp.pl?podrobnosti=164240 
996 |c M* DP-14996  |l MMSKP  |s P  |a 0  |w stuzp89025_0001